00522nam a2200169 a 450000500170000000800410001702000180005805000250007610000250010124500930012625000120021926000360023130000330026765000140030070000200031470000180033420140310183525.0110824s19uu xx 00 eng d a9780071221870 aQD 253.2 b.D46 2007 aDenniston, Katherine aGeneral, organic, and biochemistry /cKatherine Denniston; Joseph Topping; Robert Caret. a7th ed. aNew York :bMcGraw Hill,c2007. a788 p. :bcol.ill. ;c27 cm. aChemistry aTopping, Joseph aCaret, Robert